All municipalitys in Vorarlberg - Statistics

General Stats
  • This quiz has been taken 71 times
  • The average score is 58 of 96
Answer Stats
Region Answer % Correct
Rheintal Bregenz
91%
Rheintal Lustenau
86%
Bregenzerwald Alberschwende
82%
Walgau Bludenz
82%
Rheintal Dornbirn
82%
Rheintal Feldkirch
82%
Bregenzerwald Mellau
82%
Rheintal Altach
77%
Rheintal Götzis
77%
Rheintal Hard
77%
Rheintal Höchst
77%
Arlberg Lech
77%
Bregenzerwald Schoppernau
77%
Rheintal Wolfurt
77%
Bregenzerwald Andelsbuch
73%
Bregenzerwald Au
73%
Bregenzerwald Egg
73%
Bregenzerwald Hittisau
73%
Rheintal Hohenems
73%
Rheintal Lauterach
73%
Bregenzerwald Bezau
68%
Bregenzerwald Bizau
68%
Rheintal Fußach
68%
Leiblachtal Hörbranz
68%
Laternsertal Laterns
68%
Leiblachtal Lochau
68%
Leiblachtal Möggers
68%
Walgau Nenzing
68%
Rheintal Rankweil
68%
Montafon Schruns
68%
Rheintal Schwarzach
68%
Bregenzerwald Warth
68%
Walgau Bludesch
64%
Walgau Bürs
64%
Bregenzerwald Damüls
64%
Rheintal Gaißau
64%
Leiblachtal Hohenweiler
64%
Bregenzerwald Lingenau
64%
Rheintal Röthis
64%
Bregenzerwald Schwarzenberg
64%
Großes Walsertal Sonntag
64%
Montafon Tschagguns
64%
Rheintal Zwischenwasser
64%
Montafon Bartholomäberg
59%
Rheintal Bildstein
59%
Brandnertal Brand
59%
Bregenzerwald Doren
59%
Walgau Frastanz
59%
Rheintal Klaus
59%
Klostertal Klösterle
59%
Rheintal Koblach
59%
Rheintal Mäder
59%
Kleinwalsertal Mittelberg
59%
Walgau Satteins
59%
Rheintal Sulz
59%
Rheintal Übersaxen
59%
Rheintal Weiler
59%
Brandnertal Bürserberg
55%
Klostertal Dalaas
55%
Walgau Düns
55%
Walgau Dünserberg
55%
Großes Walsertal Fontanella
55%
Klostertal Innerbraz
55%
Bregenzerwald Langen bei Bregenz
55%
Rheintal Meiningen
55%
Walgau Nüziders
55%
Bregenzerwald Riefensberg
55%
Bregenzerwald Schnepfau
55%
Großes Walsertal Blons
50%
Leiblachtal Eichenberg
50%
Rheintal Fraxern
50%
Montafon Gaschurn
50%
Walgau Göfis
50%
Bregenzerwald Krumbach
50%
Bregenzerwald Langenegg
50%
Walgau Ludesch
50%
Bregenzerwald Reuthe
50%
Walgau Röns
50%
Bregenzerwald Schröcken
50%
Bregenzerwald Sibratsgfäll
50%
Montafon Silbertal
50%
Walgau Thüringen
50%
Großes Walsertal Thüringerberg
50%
Montafon Vandans
50%
Rheintal Viktorsberg
50%
Rheintal Buch
45%
Rheintal Kennelbach
45%
Montafon Lorüns
45%
Großes Walsertal Raggal
45%
Walgau Schlins
45%
Walgau Schnifis
45%
Montafon St. Gallenkirch
45%
Montafon St. Anton im Montafon
41%
Großes Walsertal St. Gerold
41%
Bregenzerwald Sulzberg
41%
Montafon Stallehr
36%
No matching quizzes found
Score Distribution
Percent of People with Each Score
Percentile by Number Answered
Your Score History
You have not taken this quiz